000
00262nam a22001097a 4500
082
_a
658 CRO'E
100
_a
CRONSTEDT, VAL
_9
56980
245
_a
ENGINEERING MANAGEMENT AND ADMINISTRATION
260
_a
NEWYORK
_b
MCGRAW HILL
_c
1961
300
_a
345P
942
_c
BK
999
_c
567302
_d
567302